Protesta social y representación en las provincias argentinas:Neuquén en la última década /

Sparad:
Bibliografiska uppgifter
Huvudupphovsman: Favarro, Orieta
Materialtyp: Text
Ämnen:
Taggar: Lägg till en tagg
Inga taggar, Lägg till första taggen!

MARC

LEADER 00000 a a2200000 04500
001 40791
003
040
100 |a Favarro, Orieta  
245 |a Protesta social y representación en las provincias argentinas:Neuquén en la última década /  |c Orieta Favarro  
650 |a MOVIMIENTOS OBREROS/ORGANIZACIONES DE TRABAJADORES/MOVIMIENTOS SOCIALES/ARGENTINA  
773 |g páginas 233-246  
999 |c 36354  |d 36354